El brazo de Dios / (Record no. 193384)

MARC details
000 -LEADER
campo de control de longitud fija 02002nam a2200409 i 4500
001 - NÚMERO DE CONTROL
campo de control 193384
003 - IDENTIFICADOR DE NÚMERO DE CONTROL
campo de control ES-MaACL
005 - FECHA Y HORA DE LA ÚLTIMA TRANSACCIÓN
campo de control 20250712063140.0
007 - CAMPO FIJO DE DESCRIPCIÓN FÍSICA--INFORMACIÓN GENERAL
campo de control de longitud fija ta
008 - DATOS DE LONGITUD FIJA--INFORMACIÓN GENERAL
campo de control de longitud fija 231113b sp ||||| |||| 00| 0 spa d
017 ## - NÚMERO DE COPYRIGHT O DE DEPÓSITO LEGAL
Número de copyright o de depósito legal M 3483-2023
Agencia que asigna Oficina Depósito Legal Madrid
020 ## - NÚMERO INTERNACIONAL ESTÁNDAR DEL LIBRO
Número Internacional Estándar del Libro 9788412178180
040 ## - FUENTE DE CATALOGACIÓN
Lengua de catalogación spa
Centro/agencia transcriptor ES-MaACL
080 ## - NÚMERO DE LA CLASIFICACIÓN DECIMAL UNIVERSAL
Número de la Clasificación Decimal Universal 821.134.2-31"19"
100 1# - ENTRADA PRINCIPAL--NOMBRE DE PERSONA
9 (RLIN) 234543
Nombre de persona Bilbao, Daniel,
Fechas asociadas al nombre 1960-
Término indicativo de función/relación Autor
245 13 - MENCIÓN DEL TÍTULO
Título El brazo de Dios /
Mención de responsabilidad, etc. Daniel Bilbao
246 ## - FORMA VARIANTE DEL TITULO
Título propio/Titulo breve Las crónicas de Güilliam de Canford
260 ## - PUBLICACIÓN, DISTRIBUCIÓN, ETC.
Lugar de publicación, distribución, etc. Madrid :
Nombre del editor, distribuidor, etc. Mong,
Fecha de publicación, distribución, etc. 2023
300 ## - DESCRIPCIÓN FÍSICA
Extensión 194 páginas ;
Dimensiones 23 cm
336 ## - TIPO DE CONTENIDO
Fuente rdacontent
Término de tipo de contenido Texto
337 ## - TIPO DE MEDIO
Fuente rdamedia
Nombre/término del tipo de medio sin mediación
338 ## - TIPO DE SOPORTE
Fuente rdacarrier
Nombre/término del tipo de soporte volumen
490 1# - MENCIÓN DE SERIE
Mención de serie Las crónicas de Güilliam de Canford ;
Designación de volumen o secuencia (quinta crónica-Burgos)
500 ## - NOTA GENERAL
Nota general En contracub.: "Una novela negra de la Edad Media"
500 ## - NOTA GENERAL
Nota general Quinto libro de la saga Las crónicas de Güilliam de Canford
520 ## - RESUMEN, ETC.
Sumario, etc. <br/>Regresa Güilliam de Canford con nuevas aventuras y misterios<br/><br/>En la quinta crónica del arquero sin dedos nos encontramos con unos variopintos peregrinos salidos de los Cuentos de Canterbury y un asombroso crimen dónde cada uno de ellos de convierte en sospechoso. Güilliam de Canford, con su humor negro y propensión a la violencia nos guía, con la inestimable ayuda de la Gatusa, de sobresalto en sobresalto hasta la revelación final.
655 #7 - TERMINO DE INDIZACIÓN--GENERO/FORMA
Datos o término principal de género/forma Novelas históricas
Fuente del término tgfbne
9 (RLIN) 226782
655 #7 - TERMINO DE INDIZACIÓN--GENERO/FORMA
9 (RLIN) 226784
Datos o término principal de género/forma Novelas negras
852 ## - LOCALIZACIÓN
Ubicación ES-MaACL
Sublocalización o colección R. 154761
Ubicación en estantería Depósito J
Número de control de estantería N-9540
itemnumber 200830
Anotaciones manuscritas Dedicatoria autógrafa del autor
Donativo/Legado Donación: Daniel Bilbao
Encuadernación Encuadernación rústica con solapas
903 ## - NOMBRE PERSONAL DE DONANTE
9 234543
a Bilbao, Daniel,
d 1960-
e Donante
942 ## - ELEMENTOS DE ENTRADA SECUNDARIOS (KOHA)
Suprimir en OPAC No
Tipo de ítem Koha Libro impreso
Holdings
Estatus retirado Estado de pérdida Fuente del sistema de clasificación o colocación Estado de daño No para préstamo Colección Biblioteca de origen Biblioteca actual Ubicación en estantería Fecha de adquisición Fuente de adquisición Número de control de estantería Total de préstamos Signatura topográfica completa Código de barras Visto por última vez Tipo de ítem Koha Nota pública
    Clasificación decimal universal     Libros con dedicatorias Biblioteca del Ateneo de Madrid Biblioteca del Ateneo de Madrid Depósito J 13/11/2023 Donación Ateneísta   N-9540 101206124 13/11/2023 Libro impreso Dedicatoria autógrafa del autor